00333nam a2200121Ia 4500008004100000041000800041082001600049100002100065245004500086260003800131300003100169365001100200240624s9999 xx 000 0 und d aeng a005.117 GRA aGRAESSLE PATRICK aUML 2 0 IN ACTION A PORJECT BASED TUTORI c2007aNew DelhibPackt Publishing avii, : 229 : p. : cm. ; 25 cRSb20